000 00738nam a2200241 i 4500
001 bgj
100 1 _aSHEERIN, Susan.
245 1 0 _aSelf-Access /
_cSusan Sheerin.
250 _a[3rd imprint].
260 _aOxford :
_bOxford Univesity Press,
_c1991.
300 _a200 pp :
_bill. ;
_c25 cm.
490 1 _aResource Books for Teachers / ed. by Alan Maley
500 _a1st published in 1989.
504 _aBibliography p. 198-200.
650 9 _aEnglish language
_xStudy and teaching
_xForeign speakers
830 0 _aResource Books for Teachers (ed. by Alan Maley)
020 _a0194274055 (pbk)
040 _cBPK
041 0 _aeng
920 _a0-19-427405-5 (pbk)
942 _cKS
008 s uk f |000 0 eng
999 _c47742
_d47742
856 _uhttp://koha.tu.koszalin.pl/cgi-bin/koha/opac-detail.pl?biblionumber=47742
_yKatalog online BPK